| 000 -CABECERA |
| fixed length control field |
01160nam a22002177a 4500 |
| 003 - IDENTIFICADOR DEL NÚMERO DE CONTROL |
| control field |
AR-CdUCM |
| 008 - DATOS DE LONGITUD FIJA--INFORMACIÓN GENERAL |
| fixed length control field |
190405b ||||| |||| 00| 0 spa d |
| 040 ## - FUENTE DE LA CATALOGACIÓN |
| Agencia/entidad que catalogó originalmente la obra |
MUNICIPALIDAD PROVINCIAL DEL CUSCO |
| Entidad que transcribió la catalogación |
BIBLIOTECA MUNICIPAL DEL CUSCO |
| 082 ## - NÚMERO DE LA CLASIFICACIÓN DECIMAL DEWEY |
| No. de Clasificación |
C / 985.04 / |
| Notacion interna |
C79 |
| 100 ## - ENTRADA PRINCIPAL--NOMBRE DE PERSONA |
| Nombre Personal |
Cornejo Bouroncle, Jorge |
| 245 ## - MENCIÓN DE TÍTULO |
| Título |
Banderas de la patria / |
| Mención de responsabilidad |
Jorge Cornejo Bouroncle |
| 260 ## - PUBLICACIÓN, DISTRIBUCIÓN, ETC. |
| Lugar de publicación, distribución, etc. |
Cusco : |
| Nombre de la editorial, distribuidor, etc. |
Garcilaso, |
| Fecha de publicación, distribución, etc. |
1961. |
| 300 ## - DESCRIPCIÓN FÍSICA |
| Nº de Páginas Extensión |
267 páginas ; |
| Dimensiones |
17 cm. |
| 505 ## - NOTA DE CONTENIDO CON FORMATO |
| Nota de contenido formateada |
Contenido: Puncu -- Precursores cuzqueños de la independencia -- Arequipa -- Titto Ccosñipa -- El inca Garcilaso de la Vega -- Blas Valera. -- Ankohuallo y Hueraccocha. -- José Gabriel Túpac Amaru. -- Rebelión de Gonzalo Pizarro. -- Bolivar y en Imperio de los Andes. -- Batalla de Tarapaca. -- Castilla. -- Banderas. -- Abolición del tributo indígena. -- Abolición de la esclavitud. -- Primer gobierno de Castilla. -- Los indios. -- Rumbos nuevos. -- Marcanay. -- Una candidatura. |
| 650 ## - PUNTO DE ACCESO ADICIONAL DE MATERIA--TÉRMINO DE MATERIA |
| Descriptor |
Ensayos peruanos |
| 9 (RLIN) |
233 |
| 650 ## - PUNTO DE ACCESO ADICIONAL DE MATERIA--TÉRMINO DE MATERIA |
| Descriptor |
Biografías históricas |
| 9 (RLIN) |
6252 |
| 650 ## - PUNTO DE ACCESO ADICIONAL DE MATERIA--TÉRMINO DE MATERIA |
| Descriptor |
Perú |
| 9 (RLIN) |
46721 |
| 650 ## - PUNTO DE ACCESO ADICIONAL DE MATERIA--TÉRMINO DE MATERIA |
| Descriptor |
Historia militar |
| 9 (RLIN) |
1394 |
| 942 ## - ELEMENTOS DE PUNTO DE ACCESO ADICIONAL (KOHA) |
| Fuente de clasificación |
|
| Tipo de item |
Libros-BMC |
| 945 ## - PROCESAMIENTO DE INFORMACIÓN LOCAL (OCLC) |
| Catalogador |
achl |
| AAAA-MM-DD - Fecha de ingreso o modificacion |
2019-04-05 |